| 000 | 00482nam a2200181Ia 4500 | ||
|---|---|---|---|
| 001 | 588 | ||
| 005 | 20260306140529.0 | ||
| 008 | 260306t2014||||xx |||||||||||||| ||spa|| | ||
| 041 | _aESP | ||
| 082 |
_a128 _bG62 |
||
| 100 |
_aGómez de Pedro, María Esther _eAUT |
||
| 245 | 0 |
_aLa persona: _bdivina, ángelica, humana: actas del I Congreso Internacional Tomista |
|
| 260 | _c2014 | ||
| 300 |
_a687 páginas : _c23 cm. |
||
| 650 | _aGEN | ||
| 654 | _aCHU | ||
| 942 |
_cLIB _dJUS _fJUS _2ddc _n |
||
| 999 |
_c588 _d588 |
||